000 00324nam a22001457a 4500
008 210531b ||||| |||| 00| 0 eng d
020 _a0205126987
041 _aeng
080 _a159.9
082 _a159.9
100 _a48
101 _aPSI
245 _aReadings in Social Psychology
_cWayne A. Lesko
942 _2udc
_cBK
999 _c57857
_d57857